00475cam a22001457a 4500008004000000082001200040100002100052245007300073250001300146260002700159300001000186650003200196999001900228952008200247180718b1956 xxu||||| |||| 00| 0 eng d aK9 B625 aBlum, Milton, L. aIndustrial psychology and its social foundationscby Milton, L. Blum arev. ed. aNew YorkbHarperc1956 a612p. aIndustrial psychology --USA c432850d432850 00104070aIIPAbIIPAd2010-02-04oK9 B625p2411r2018-07-21w2018-07-21yBK